| 000 | 00847cam a2200241 i 4500 | ||
|---|---|---|---|
| 005 | 20191224041811.0 | ||
| 008 | 921009s1993 nyua b 001 0 eng | ||
| 020 | _a0312094329 (New York) | ||
| 020 | _a0333494504 (Houndsmill) | ||
| 040 |
_aDLC _cDLC _dDLC _dCO-BoIAVH |
||
| 041 | 0 | _aeng | |
| 043 | _ad------ | ||
| 082 | 0 | 4 |
_a338.90091724 _bC97p |
| 100 | 1 | _aCurry, Steve | |
| 245 | 1 | 0 |
_aProject analysis in developing countries / _cSteve Curry and John Weiss. |
| 260 |
_aNew York, N.Y. : _bSt. Martin's Press, _c1993. |
||
| 300 |
_axvii, 306 páginas : _bilustraciones ; _c23 cm. |
||
| 504 | _aIncluye referencias bibliográficas e índice. | ||
| 650 | 1 | 4 | _aProyectos de desarrollo económico |
| 650 | 2 | 4 |
_aPaíses en desarrollo _xPolítica económica |
| 700 | 1 |
_aWeiss, John, _d1948-, _eautor |
|
| 942 |
_2ddc _cLIBRO |
||
| 999 |
_c5634 _d5634 |
||